000
00252nam a2200097Ia 4500
001
1221488
005
20250827092830.0
008
250824s9999 xx 000 0 und d
245
0
_a
BAŞARININ GÜCÜ
_c
TUNCER ELMACIOĞLU
260
_b
YEDİVEREN YAYINLARI
999
_c
1221488
_d
1221488